apprenticeship Now (Record no. 243985)

000 -LEADER
fixed length control field 00226 a2200109 4500
001 - CONTROL NUMBER
control field 8912
082 ## - DEWEY DECIMAL CLASSIFICATION NUMBER
Classification number 331.861 BEV
090 ## - LOCALLY ASSIGNED LC-TYPE CALL NUMBER (OCLC); LOCAL CALL NUMBER (RLIN)
-- 7100
-- 7100
100 ## - MAIN ENTRY--PERSONAL NAME
Personal name Bevercidge A
245 ## - TITLE STATEMENT
Title apprenticeship Now
Medium English
260 ## - PUBLICATION, DISTRIBUTION, ETC.
Name of publisher, distributor, etc. chapman
Place of publication, distribution, etc. 1963
942 ## - ADDED ENTRY ELEMENTS (KOHA)
Institution code [OBSOLETE] NUST-CAE
Holdings
Withdrawn status Lost status Damaged status Not for loan Collection code Permanent Location Current Location Date acquired Total Checkouts Barcode Date last seen Price effective from Koha item type
          College of Aeronautical Engineering (CAE) College of Aeronautical Engineering (CAE) 04/03/2017   CAE8490 04/05/2017 04/05/2017 Book
© 2023 Central Library, National University of Sciences and Technology. All Rights Reserved.